| 000 | 00772nam a2200229Ii 4500 | ||
|---|---|---|---|
| 003 | JO-AjNU | ||
| 008 | 230605s9999||||xx |||||||||||||| ||und|| | ||
| 017 | _a2014/4/1708 | ||
| 020 | _a9957-582-13-5 | ||
| 040 |
_aJO-AjNU _bara _erda _cJO-AjNU |
||
| 041 | _aara | ||
| 050 | 1 | 4 | _aDS10.2015 |
| 100 | 3 |
_aسلمان، منتهى طالب, _eauthor _960952 |
|
| 245 | 0 | 0 | _aالوجيز في تاريخ آسيا الحديث والمعاصر |
| 250 | _aط1 | ||
| 264 | 3 | 1 | _aعمان/بغداد: دار الوضاح للنشر/مكتبة دجله، 2015 |
| 300 | _a325ص | ||
| 336 |
_atext _btxt _2rdacontent |
||
| 337 |
_aunmediated _bn _2rdamedia |
||
| 338 |
_avolume _bnc _2rdacarrier |
||
| 650 | 4 |
_aاسيا- العصر الحديث والمعاصر- تاريخ _960953 |
|
| 999 |
_aA27522 _c31090 _d31090 |
||